| 000 | 00644nam a2200229Ia 4500 | ||
|---|---|---|---|
| 003 | OSt | ||
| 005 | 20220923230659.0 | ||
| 006 | a|||||r|||| 00| 0 | ||
| 007 | ta | ||
| 008 | Pun | ||
| 024 | _a304,697 | ||
| 037 | _cTextual | ||
| 040 |
_aARTS _cARTS _bPun |
||
| 041 |
_2Pun _aPun |
||
| 082 | _aW:28, 153M1 | ||
| 100 | _aਵਾਈਟ, ਲਿਓਨਾਚਡ ਡੀਂ. | ||
| 245 | 0 | _aਲੋਕ ਪ੍ਰFਾਸਨ ਨਾਲ ਜਾਣ - ਪਛਾਣ | |
| 260 | _c1981 | ||
| 650 | _aਪੰਜਾਬੀ ਸਾਹਿਤ | ||
| 942 |
_hW:28, 153M1 _cTEXL _2CC |
||
| 999 |
_c386504 _d386504 |
||